Química analítica cualitativa

Salvato in:
Dettagli Bibliografici
Autori principali: Burriel Martí, Fernando (Autore), Arribas Jimeno, Siro (Autore), Lucena Conde, Felipe (Autore), Hernández Mendez, Jesús (Autore)
Natura: Libro
Lingua:spagnolo
Pubblicazione: Madrid Paraninfo 1998
Edizione:16a. ed
Soggetti:
Tags: Aggiungi Tag
Nessun Tag, puoi essere il primo ad aggiungerne!!

MARC

LEADER 00000nam a2200000 a 4500
001 UCP4893
003 CL-VaPUC
008 990821e19980000SP |||||||||||||||||spa|d
082 0 4 |a 544  |b BUR  |2 21 
100 |a Burriel Martí, Fernando  |e author  |9 313745 
700 0 |a Arribas Jimeno, Siro  |e author  |9 432874 
700 0 |a Lucena Conde, Felipe  |e author  |9 432875 
700 0 |a Hernández Mendez, Jesús  |e author  |9 432876 
245 1 0 |a Química analítica cualitativa 
250 |a 16a. ed 
300 |a 1050 p 
942 |c BK 
945 |d 19990821 00:00:00  |a vberengu 
260 |a Madrid  |b Paraninfo  |c 1998 
650 0 |a Análisis cualitativo   |9 346076 
650 0 |a Análisis químico  |9 344456 
650 0 |a Aniones   |9 344792 
650 7 |a CATIONES  |2 CL-VaPUC  |9 432879 
650 7 |a REACCIONES DE OXIDACION  |2 CL-VaPUC  |9 432880 
583 |a last modification  |c 19990821 00:00:00  |k Rodrigo Vera 
999 |c 282786  |d 282784 
952 |0 0  |1 0  |4 0  |6 544_000000000000000_BUR_1998  |7 0  |8 A  |9 325182  |a BIBING  |b BIBING  |d 2019-11-20  |i 3552675  |o 544 BUR 1998  |p 3552675  |r 2025-01-20  |w 2019-11-20  |y BK  |k ING